000
00347nam a2200133Ia 4500
008
151015s9999 xx 000 0 und d
020
_a
9966980105
050
_a
P MLC 2003
245
_a
Njau Rebeka
250
_a
_The sacred seed Rebeka Njau
300
_a
Nairobi Books Horizon 2003
650
_a
_Story
700
_a
^d20110420 11:53:26^okorir
999
_c
1784
_d
1784